[Event "VIII Memorial Roberto Magari B"]
[Site "Siena ITA"]
[Date "2003.11.14"]
[Round "1"]
[White "Galletti, Armando"]
[Black "Fragni, Enrico"]
[Result "1-0"]
[WhiteElo "1570"]
[BlackElo "1447"]
[PlyCount "77"]
[EventDate "2003.11.14"]

1. e4 c6 2. d4 d6 3. Nc3 Qc7 4. Nf3 Bg4 5. Be2 e5 6. d5 Be7 7. Be3 Nf6 8. Nd2
Bd7 9. O-O a6 10. f4 c5 11. fxe5 dxe5 12. Nc4 Bd6 13. Bg5 b5 14. Bxf6 gxf6 15.
Nxd6+ Qxd6 16. Bh5 Ke7 17. Qe2 h6 18. Rf3 Be8 19. Raf1 Nd7 20. Bg4 Rh7 21. Bxd7
Bxd7 22. Qf2 f5 23. exf5 f6 24. Rd1 Rc8 25. Ne4 Qb6 26. d6+ Kf7 27. Qh4 c4+ 28.
Kh1 Qd8 29. Qh5+ Kf8 30. Qg6 Rg7 31. Qxh6 Kf7 32. Rd5 Bc6 33. Rxe5 fxe5 34.
Qe6+ Kf8 35. Rh3 Rg8 36. Rh6 Bxe4 37. Rf6+ Qxf6 38. Qxf6+ Ke8 39. Qe7# 1-0

[Event "VIII Memorial Roberto Magari B"]
[Site "Siena ITA"]
[Date "2003.11.16"]
[Round "6"]
[White "Quintetti, Osvaldo"]
[Black "Taglione, Stefano"]
[Result "0-1"]
[WhiteElo "1476"]
[BlackElo "1500"]
[PlyCount "70"]
[EventDate "2003.11.14"]

1. d4 d5 2. Nf3 Nf6 3. e3 Bg4 4. Be2 e6 5. Nbd2 c5 6. b3 Nc6 7. c3 Bd6 8. dxc5
Bxc5 9. Bb2 O-O 10. O-O a5 11. Rc1 Qd7 12. c4 Be7 13. Ne5 Nxe5 14. Bxe5 Bxe2
15. Qxe2 Rfd8 16. cxd5 exd5 17. Nf3 Rac8 18. Bb2 Rxc1 19. Rxc1 h6 20. h3 Rc8
21. Rd1 Qc6 22. Nd4 Qd7 23. f3 Re8 24. Qf2 Bc5 25. Re1 b5 26. Re2 Qa7 27. Qg3
Qb6 28. Nf5 Nh5 29. Qg4 Bxe3+ 30. Kh1 Qg6 31. Qxg6 fxg6 32. Nxe3 Ng3+ 33. Kh2
Nxe2 34. Nxd5 Rd8 35. Ne3 Rd2 0-1